Knižničné spracovanie a uloženie informačných prameňov

Bibliographic Details
Main Authors: Kiššová, Jaroslava (Author), Vodičková, Hana, 1932-2016 (Author)
Format: Book
Language:Czech
PhysicalDescription:111 s. ilustr., sch. 21 cm
Published: Bratislava Slovenská technická knižnica 1974
Edition:3. vyd.
Series:Metodické pomôcky SlTK
E - učebné pomôcky
Subjects:

MARC

LEADER 00000nam a2200000 a 4500
001 vtls008848807
003 SK-MaSNL
005 20260301142204.0
008 240313e1974 xo a d p 000 0 cze
020 |q (brož.) 
040 |a SNK  |b slo  |c SNK  |e AACR2 
041 0 |a cze 
044 |a xo  |c SK 
072 7 |a 025  |x Organizácia knižníc a knižničných fondov  |2 konspekt 
080 |a 002+007  |2 2001 
080 |a 025  |2 2001 
080 |a 025.3/.4  |2 2001 
080 |a 025.7/.9  |2 2001 
080 |a (075.8)  |2 2001 
080 |a 025.8  |2 2001 
100 1 |a Kiššová, Jaroslava  |4 aut  |9 272236 
245 1 0 |a Knižničné spracovanie a uloženie informačných prameňov  |c sprac. Jaroslava Kiššová, Hana Vodičková 
250 |a 3. vyd. 
260 |a Bratislava  |b Slovenská technická knižnica  |c 1974 
300 |a 111 s.  |b ilustr., sch.  |c 21 cm 
490 1 |a Metodické pomôcky SlTK 
490 1 |a E - učebné pomôcky  |v č. 19 
504 |a Bibliograf. 
650 0 7 |a informačné zdroje  |2 SNKPH  |9 1495 
650 0 7 |a knižničné fondy  |2 SNKPH  |9 1300 
650 0 7 |a katalogizácia  |2 SNKPH  |9 22191 
650 0 7 |a ochrana knižničných fondov  |2 SNKPH  |9 1316 
650 0 7 |a revízia knižničných fondov  |2 SNKPH  |9 106609 
650 0 7 |a informačné pramene  |2 SNKPH  |9 1496 
655 7 |a učebnice vysokých škôl  |2 SNKPH  |9 70191 
700 1 |a Vodičková, Hana,  |d 1932-2016  |4 aut  |9 263044 
830 0 |a Metodické pomôcky SlTK  |9 307941 
830 0 |a E - učebné pomôcky  |9 497404 
958 |a OND 
999 |c 769445  |d 771375 
952 |a SNK  |b SNK  |y VYP  |7 0  |p 17A1531483  |o snkSC 124880 D1  |i snk2023/15800  |8 7  |0 0  |1 0  |4 0  |d 2023-11-03  |l 0  |r 2026-02-24 00:30:41  |w 2026-02-24 
952 |a SNK  |b SNK  |y PREZ  |7 0  |p 17A0509056  |o snkSC 124880  |i snk2006/18697  |8 1  |0 0  |1 0  |4 0  |d 2006-09-25  |l 0  |r 2025-06-09 00:00:00  |w 2026-02-24